000 00738nam a2200253 a 4500
005 20210219153535.0
008 991125n 000 0 u
035 _aUPN01000105550
100 _aBROCK, Antony
222 _aEDUCACION :
_bREVISTA DEL CONSEJO NACIONAL TECNICO DE LA EDUCACION
245 _a¿Cómo formar a los maestros del mañana?
300 _a68-72
362 _a1976, vol. 4, no. 17 (ene.-feb.)
653 0 _aEDUCACION NORMAL
653 0 _aFORMACION DE MAESTROS
653 0 _aINDUSTRIALIZACION
653 0 _aMAESTROS
653 0 _aMERCADO LABORAL
653 0 _aPAISES EN DESARROLLO
653 0 _aPAPEL DEL MAESTRO
653 0 _aSISTEMA EDUCATIVO NACIONAL
904 _aAC
_b043361
905 _aArticulo
999 _c79513
_d79513